000 00937nam a2200277 i 4500
001 000014293
003 DO-SdBNP
005 20250807102755.0
007 ta
008 091209s2000 dr 000 0 spa d
020 _a9993423033
040 _aDO-SdBNP
_bspa
_cBNPHU
_erda
041 _aspa
082 4 _axxx
_bR426a
_222
110 2 _aRepública Dominicana
_bComisión Presidencial para la Reforma y Modernización del Estado.
_97089
245 1 0 _aAnteproyecto de ley de partidos y agrupaciones políticas /
264 1 _aSanto Domingo :
_bComisión Presidencial para la Reforma y Modernización del Estado,
_bParticipación Ciudadana,
_c2000.
300 _a53 páginas ;
_c22 cm.
336 _atexto
_btxt
_2rdacontent
337 _asin mediación
_bn
_2rdamedia
338 _avolumen
_bnc
_2rdacarrier
490 1 _aDocumentos de la reforma :
_v4
590 _aInventariado, 2025/ YL
910 _aYLockward
942 _2ddc
_cLBS1
999 _c13889
_d13889